| 000 | 00809nam a2200133Ia 4500 | ||
|---|---|---|---|
| 008 | 171212s9999 xx 000 0 und d | ||
| 020 | _a9780833049827 | ||
| 100 | _aCotton, Sarah K.;Petersohn, Ulrich;Dunigan, Molly;Burkhart, Q;Zander-Cotugno, Megan | ||
| 245 |
_cCotton, Sarah K.;Petersohn, Ulrich;Dunigan, Molly;Burkhart, Q;Zander-Cotugno, Megan _aHired Guns _bViews About Armed Contractors in Operation Iraqi Freedom |
||
| 260 |
_bRAND Corporation _c2010 |
||
| 650 | _aPolitical Science | ||
| 650 | _aPostwar reconstruction -- Iraq -- Evaluation; Private military companies -- Iraq -- Evaluation; Private security services -- Iraq -- Evaluation; Government contractors -- Iraq -- Evaluation; Contracting out -- Iraq -- Evaluation; Government contractors -- | ||
| 856 | _uwww.jstor.org/stable/10.7249/mg987srf | ||
| 999 |
_c352143 _d352143 |
||